| 000 | 00930nam a2200241 i 4500 | ||
|---|---|---|---|
| 001 | 175302 | ||
| 003 | ES-MaACL | ||
| 005 | 20260301183524.0 | ||
| 007 | t| | ||
| 008 | 101020s1974 sp f ||||1| spa d | ||
| 080 | _a929 Alfonso XII, Rey de España | ||
| 080 | _a94(460)"1874/1885" | ||
| 100 | 1 |
_aEspadas Burgos, Manuel. _947744 |
|
| 245 | 1 | 0 |
_aAlfonso XII en el centenario de la Restauración / _cpor Manuel Espadas Burgos. |
| 260 |
_aMadrid : _bAyuntamiento de Madrid, Delegación de Educación : _bInstituto de Estudios Madrileños, _c1974. |
||
| 300 |
_a34 p. , [5] de lám. ; _c22 cm. |
||
| 490 | 1 |
_aCiclo de conferencias sobre madrileños ilustres ; _v4 |
|
| 600 | 0 | 4 |
_aAlfonso _bXII, _cRey de España _919874 |
| 710 | 2 |
_aInstituto de Estudios Madrileños _94916 |
|
| 830 | 0 |
_aCiclo de conferencias sobre madrileños ilustres ; _v4 _9189635 |
|
| 852 |
_aES-MaACL _j2259-F-20 _xOLim P-55 |
||
| 999 |
_c175302 _d175302 |
||